000 00348nam a2200133Ia 4500
008 240624s9999 xx 000 0 und d
041 _aeng
082 _a658.409 GRO
100 _aGROVER TIM S
245 _aRELENTLESS FROM GOOD TO GREAT TO UNSTOPP
260 _c2014
_aNew Delhi
_bScribner Book Company
300 _a272 p.; 23 cm.
365 _cRS
999 _c31901
_d31901